HISTORY OF TAKING MADE EASY / (Record no. 794835)

MARC details
000 -LEADER
fixed length control field 00483pam a2200181 a 4500
020 ## - INTERNATIONAL STANDARD BOOK NUMBER
International Standard Book Number 8187540125
Terms of availability 75.00
041 ## - LANGUAGE CODE
Language code of text/sound track or separate title eng
Language code of original NULL
082 ## - DEWEY DECIMAL CLASSIFICATION NUMBER
Classification number 616
Item number DAR
100 ## - MAIN ENTRY--PERSONAL NAME
Personal name DARWESH, J .
245 ## - TITLE STATEMENT
Title HISTORY OF TAKING MADE EASY /
Statement of responsibility, etc. NULL.
Medium Textual Documents
260 ## - PUBLICATION, DISTRIBUTION, ETC.
Place of publication, distribution, etc. NULL :
Name of publisher, distributor, etc. THE NATIONAL BOOK DEPOT ,
Date of publication, distribution, etc. 2001.
300 ## - PHYSICAL DESCRIPTION
Extent 130 :
Other physical details vii ;
Dimensions A4 .
365 ## - TRADE PRICE
Price type code 75.00
Price note 4
650 ## - SUBJECT ADDED ENTRY--TOPICAL TERM
Topical term or geographic name entry element GEN.MEDICINE
907 ## - LOCAL DATA ELEMENT G, LDG (RLIN)
a 1444
-- 1445
-- 1446
-- 1447
930 ## - EQUIVALENCE OR CROSS-REFERENCE-UNIFORM TITLE HEADING [LOCAL, CANADA]
Uniform title 299
Holdings
Withdrawn status Lost status Damaged status Not for loan Home library Current library Date acquired Source of acquisition Cost, normal purchase price Total Checkouts Full call number Barcode Date last seen Copy number Price effective from Koha item type Collection
        Medical College & Hospital, Sangli Medical College & Hospital, Sangli 28/11/2011 75.00   616 DAR MCS-1447 26/07/2023 5 26/07/2023 Book  
        Medical College & Hospital, Sangli Medical College & Hospital, Sangli 28/11/2011 75.00   616 DAR MCS-1446 26/07/2023 4 26/07/2023 Book  
        Medical College & Hospital, Sangli Medical College & Hospital, Sangli 28/11/2011 75.00   616 DAR MCS-1445 26/07/2023 3 26/07/2023 Book  
        Medical College & Hospital, Sangli Medical College & Hospital, Sangli 28/11/2011 75.00   616 DAR MCS-1444 26/07/2023 2 26/07/2023 Book  
        Medical College & Hospital, Sangli Medical College & Hospital, Sangli 28/11/2011 75.00   616 DAR MCS-1443 26/07/2023 1 26/07/2023 Book